Statistická ročenka České republiky 2002
Guardado en:
| Autor Corporativo: | |
|---|---|
| Formato: | Libro |
| Lenguaje: | checo inglés |
| Publicado: |
Praha
Scientia
2002
|
| Materias: | |
| Etiquetas: |
Sin Etiquetas, Sea el primero en etiquetar este registro!
|
MARC
| LEADER | 00000nam a2200000 4500 | ||
|---|---|---|---|
| 001 | c142549 | ||
| 005 | 20260129103400.8 | ||
| 020 | |a 80-7223-760-8 | ||
| 041 | 0 | |a cze | |
| 041 | 0 | |a eng | |
| 044 | |a CZ | ||
| 245 | 1 | 0 | |a Statistická ročenka České republiky 2002 |
| 264 | 1 | |a Praha |b Scientia |c 2002 | |
| 300 | |a 795 s. | ||
| 610 | 2 | 0 | |a Česko |
| 710 | 2 | |a Český statistický úřad | |